[Event "7. LGA Premium Cup"]
[Site "Nürnberg"]
[Date "2010.09.03"]
[Round "3.24"]
[White "Zude, Erik"]
[Black "Nuber, Korbinian"]
[Result "1-0"]
[WhiteElo "2406"]
[BlackElo "2211"]
[PlyCount "63"]
[EventDate "2010.??.??"]
[WhiteTeam "SV 1920 Hofheim"]
[BlackTeam "SC Dillingen"]

1. d4 g6 2. c4 Bg7 3. Nf3 d6 4. Nc3 Nc6 5. g3 e5 6. dxe5 Nxe5 7. Nxe5 Bxe5 8.
Bg2 Ne7 9. O-O Bg7 10. Qd2 O-O 11. b3 c6 12. Bb2 Qa5 13. Rfd1 Nf5 14. Ne4 Qxd2
15. Rxd2 Bxb2 16. Rxb2 Rd8 17. Rd1 Kf8 18. Rbd2 Ke7 19. g4 Nh4 20. g5 Nf5 21.
Bh3 h6 22. gxh6 Nxh6 23. Bxc8 Rdxc8 24. Nxd6 Rc7 25. Kg2 a5 26. c5 Ng4 27. Nc4
Nf6 28. Rd3 Nd5 29. Nb6 Nf4+ 30. Kg3 Nxd3 31. Nxa8 Nb2 32. Rd2 1-0

[Event "7. LGA Premium Cup"]
[Site "Nürnberg"]
[Date "2010.09.03"]
[Round "3.25"]
[White "Lechtynsky, Jiri"]
[Black "Troyke, Doreen"]
[Result "1-0"]
[WhiteElo "2380"]
[BlackElo "2078"]
[PlyCount "79"]
[EventDate "2010.??.??"]
[WhiteTeam "SC Hoyerswerda"]
[BlackTeam "Erfurter Schachklub"]

1. d4 d5 2. Nf3 Nf6 3. c4 dxc4 4. e3 e6 5. Bxc4 c5 6. O-O a6 7. a4 Be7 8. Qe2
Nbd7 9. Nc3 O-O 10. dxc5 Bxc5 11. e4 Qc7 12. e5 Ne8 13. Bd3 g6 14. Bh6 Ng7 15.
Rac1 Qa5 16. Rfd1 Be7 17. Bd2 Bb4 18. Ne4 Bxd2 19. Qxd2 Qxd2 20. Rxd2 Nf5 21.
Bf1 Nb6 22. Nf6+ Kg7 23. a5 Nd5 24. Nxd5 exd5 25. Rxd5 Be6 26. Rdc5 Rad8 27.
Rc7 Bd5 28. Be2 Rfe8 29. Rd1 h6 30. h3 Re7 31. Rxe7 Nxe7 32. Bc4 Rd7 33. Rd4
Bc6 34. Rxd7 Bxd7 35. Nd4 g5 36. Bd3 Nc6 37. Nxc6 Bxc6 38. f3 f6 39. exf6+ Kxf6
40. Kf2 1-0

[Event "7. LGA Premium Cup"]
[Site "Nürnberg"]
[Date "2010.09.03"]
[Round "3.26"]
[White "Nabavi, Parwis"]
[Black "Pribyl, Josef"]
[Result "1/2-1/2"]
[WhiteElo "2203"]
[BlackElo "2342"]
[PlyCount "53"]
[EventDate "2010.??.??"]
[WhiteTeam "SGEM Dreisamtal"]
[BlackTeam "Schachhaus Ludwigshafen"]

1. Nf3 Nf6 2. e3 g6 3. b3 Bg7 4. Bb2 c5 5. Be2 O-O 6. O-O Nc6 7. d3 d5 8. Ne5
Nxe5 9. Bxe5 Bd7 10. Nd2 Bc6 11. f4 e6 12. Bf3 Qe7 13. Qe2 Rfd8 14. a4 Rac8 15.
Qf2 Ne8 16. Bxg7 Nxg7 17. e4 dxe4 18. Bxe4 Nf5 19. Bxf5 exf5 20. Nc4 Qf6 21.
Ne5 Bd5 22. Rae1 {(=)} b6 23. Re3 Bb7 24. Rfe1 h5 25. h4 {(=)} Rc7 26. Qg3 Kg7
27. Nc4 {(=)} 1/2-1/2

[Event "7. LGA Premium Cup"]
[Site "Nürnberg"]
[Date "2010.09.03"]
[Round "3.27"]
[White "Hörmann, Gunther"]
[Black "Seifert, Volker"]
[Result "0-1"]
[WhiteElo "2014"]
[BlackElo "2332"]
[PlyCount "92"]
[EventDate "2010.??.??"]
[WhiteTeam "TSV Cadolzburg e.V."]
[BlackTeam "USV TU Dresden"]

1. d4 e6 2. Nd2 d5 3. Ngf3 c5 4. e3 Nc6 5. c3 Nf6 6. Bd3 Bd6 7. O-O O-O 8. dxc5
Bxc5 9. e4 Bb6 10. Qe2 Re8 11. e5 Nd7 12. Nb3 f6 13. exf6 Nxf6 14. c4 Nb4 15.
Bb1 e5 16. a3 e4 17. Nfd4 Nc6 18. Be3 Bg4 19. Qc2 Rc8 20. c5 Bc7 21. Nxc6 bxc6
22. Nd4 Bb8 23. Qd2 Nd7 24. f3 exf3 25. Nxf3 Qe7 26. Bf2 Nxc5 27. Ng5 h6 28.
Qc2 Ne4 29. Nxe4 dxe4 30. Ba2+ Kh8 31. Rae1 Qe5 32. Bg3 Qd4+ 33. Bf2 Qe5 34.
Bg3 Qd4+ 35. Bf2 Qd3 36. Bb1 Qxc2 37. Bxc2 Bf5 38. Bd4 Bg6 39. Re3 Rcd8 40. Bc5
Rd2 41. Rf2 Bxh2+ 42. Kf1 Rxf2+ 43. Kxf2 Bf4 44. Rc3 e3+ 45. Kf1 e2+ 46. Ke1
Bd2+ 0-1

[Event "7. LGA Premium Cup"]
[Site "Nürnberg"]
[Date "2010.09.03"]
[Round "3.28"]
[White "Hirn, Oskar"]
[Black "Fiedler, Wolfgang"]
[Result "1-0"]
[WhiteElo "2246"]
[BlackElo "2073"]
[PlyCount "103"]
[EventDate "2010.??.??"]
[WhiteTeam "SC Noris-Tarrasch Nürnberg 1873"]
[BlackTeam "SC Forchheim e.V."]

1. e4 c5 2. Nc3 Nc6 3. d3 g6 4. Be3 b6 5. f4 e6 6. g3 Bg7 7. Bg2 Bb7 8. Nf3
Nge7 9. d4 cxd4 10. Nxd4 Nxd4 11. Bxd4 f6 12. O-O O-O 13. Qe2 Nc6 14. Be3 Qe7
15. Rad1 d6 16. Rfe1 Nd8 17. f5 Nf7 18. Qc4 Rfe8 19. Nb5 Ba6 20. a4 Rac8 21.
Qb3 Bxb5 {(=)} 22. axb5 e5 23. c3 Bf8 24. Bf1 Qc7 25. Bh3 Rb8 26. fxg6 hxg6 27.
Be6 Kg7 28. Ra1 Re7 29. h4 Qd8 30. Rf1 Qe8 31. Bd5 Nd8 32. Rf3 Rc7 33. g4 Qd7
34. Rg3 Be7 35. c4 Ne6 36. Qd1 Nf4 37. Bxf4 exf4 38. Rg2 Rh8 39. h5 g5 40. b3
Qc8 41. Rga2 Qb8 42. Qd3 Qc8 43. Qf3 Qb8 44. Be6 Rh6 45. Kg2 Rh8 46. Qd3 Rh6
47. Kf3 Bf8 48. Qd5 Be7 49. Qf5 d5 50. Bxd5 Bd6 51. Qe6 Be5 52. Rxa7 1-0

[Event "7. LGA Premium Cup"]
[Site "Nürnberg"]
[Date "2010.09.03"]
[Round "3.29"]
[White "Hector, Jonny"]
[Black "Schatz, Christian"]
[Result "1-0"]
[WhiteElo "2592"]
[BlackElo "2189"]
[PlyCount "126"]
[EventDate "2010.??.??"]
[WhiteTeam "Schachklub Turm Emsdetten e.V."]
[BlackTeam "Schachzentrum Fürth 2002"]

1. d4 d5 2. Nc3 Bf5 3. f3 Nf6 4. Bg5 Nbd7 5. Qd2 h6 6. Bh4 c6 7. O-O-O g5 8.
Bf2 e6 9. g4 Bg6 10. h4 gxh4 11. Bxh4 Qa5 12. Be1 b5 13. g5 b4 14. gxf6 bxc3
15. Qxc3 Qxa2 16. Qxc6 Rb8 17. Bc3 Ba3 18. Kd2 Bxb2 19. Bxb2 Qxb2 20. e3 O-O
21. Rxh6 Qb4+ 22. c3 Qb2+ 23. Ke1 Qc2 24. Qxd7 Rb2 25. Be2 Rfb8 26. Kf2 Qf5 27.
Qd6 Qxf6 28. Qe5 Qxe5 29. dxe5 Ra2 30. Nh3 Kg7 31. Rh4 Rbb2 32. Nf4 a5 33. Re1
a4 34. Nxg6 fxg6 35. Rb4 Rc2 36. Rb7+ Kf8 37. f4 a3 38. Ra7 Rxc3 39. Rh1 Kg8
40. Rg1 Rcc2 41. Rxg6+ Kh8 42. Rh6+ Kg8 43. Rxe6 Rxe2+ 44. Kf3 Rf2+ 45. Kg4
Rg2+ 46. Kf5 Rg7 47. Re8+ Kh7 48. Rea8 Rh2 49. Rxg7+ Kxg7 50. Rxa3 Rh5+ 51. Ke6
Kg6 52. Kxd5 Kf5 53. Ra8 Rh1 54. Rf8+ Kg6 55. f5+ Kg7 56. Ra8 Rb1 57. f6+ Kf7
58. Ra7+ Kf8 59. e6 Rb8 60. Ke5 Rb5+ 61. Kf4 Rb8 62. Kf5 Rb5+ 63. Kg6 Rg5+ 1-0

[Event "7. LGA Premium Cup"]
[Site "Nürnberg"]
[Date "2010.09.03"]
[Round "3.30"]
[White "Zier, Oliver"]
[Black "Khanukov, Boris"]
[Result "1/2-1/2"]
[WhiteElo "2139"]
[BlackElo "2361"]
[PlyCount "77"]
[EventDate "2010.??.??"]
[WhiteTeam "TSV Bindlach Aktionär-Schachabte"]
[BlackTeam "Stift. Bahn-Sozialwerk Schachgr."]

1. d4 Nf6 2. c4 e6 3. Nc3 Bb4 4. Bg5 h6 5. Bh4 c5 6. d5 Bxc3+ 7. bxc3 d6 8. Nf3
e5 9. Qc2 Nbd7 10. Nd2 g5 11. Bg3 Nh5 12. e3 Ndf6 13. Bd3 Qe7 14. O-O Bd7 15.
f4 Nxg3 16. hxg3 Ng4 17. Rae1 O-O-O 18. f5 Nf6 19. Ne4 Nxe4 20. Bxe4 f6 21. Kf2
h5 22. Rh1 Rh7 23. Rh3 Rdh8 24. Reh1 Be8 25. Bd3 h4 26. g4 Qc7 27. e4 Qa5 28.
Rb1 Kb8 29. Qb3 Ka8 30. Bc2 b6 31. a4 Rb7 32. Rb2 Kb8 33. Kg1 Kc8 34. Rh1 Kd8
35. Kh2 Bd7 36. Ra1 Ke7 37. Bd3 Rbb8 38. Rbb1 Qa6 39. Qa3 1/2-1/2

[Event "7. LGA Premium Cup"]
[Site "Nürnberg"]
[Date "2010.09.03"]
[Round "3.31"]
[White "Nuding, Matthias"]
[Black "Grimberg, Boris"]
[Result "0-1"]
[WhiteElo "2130"]
[BlackElo "2355"]
[PlyCount "174"]
[EventDate "2010.??.??"]
[WhiteTeam "SW Nürnberg Süd e.V."]
[BlackTeam "SAbt TSV Haunstetten"]

1. d4 Nf6 2. Nf3 c5 3. d5 e6 4. Nc3 d6 5. e4 exd5 6. exd5 Be7 7. Bb5+ Nbd7 8.
a4 O-O 9. O-O a6 10. Be2 b6 11. Nd2 Rb8 12. Nc4 Re8 13. Bf4 Nf8 14. Re1 Ng6 15.
Bg3 Bf8 16. Bf3 Rxe1+ 17. Qxe1 Qc7 18. Qd2 b5 19. axb5 axb5 20. Ne3 Nd7 21. Be2
c4 22. Qd4 Nc5 23. Ne4 Nxe4 24. Qxe4 Be7 25. Bg4 Bxg4 26. Qxg4 Bf6 27. c3 Ne5
28. Bxe5 Bxe5 29. Qe4 g6 30. g4 Bf6 31. Nc2 Qd7 32. h3 Re8 33. Qf3 Kg7 34. Nb4
Qb7 35. Nc6 Ra8 36. Rxa8 Qxa8 37. Qf4 Qa1+ 38. Kg2 h6 39. Qd2 Qb1 40. Nb4 Qe4+
41. f3 Qb1 42. Nc6 Kh7 43. Nb4 Bg5 44. f4 Qe4+ 45. Kg3 Bf6 46. h4 Bd8 47. Qf2
Kg8 48. g5 Be7 49. Qf3 Qb1 50. Qe2 Bf8 51. Qc2 Qe1+ 52. Qf2 Qd1 53. Qc2 Qg1+
54. Qg2 Qe3+ 55. Qf3 Qc1 56. Qf2 Bg7 57. Kg2 f6 58. Qc2 Qxf4 59. Qxg6 fxg5 60.
Qe6+ Kh7 61. h5 Qd2+ 62. Kh3 Qf4 63. Qg6+ Kh8 64. Nc6 Qf3+ 65. Kh2 Qf2+ 66. Kh3
Qe3+ 67. Kg2 b4 68. Nxb4 Qe2+ 69. Kh3 Qf3+ 70. Kh2 Qf2+ 71. Kh3 Qf1+ 72. Kg4
Qe2+ 73. Kh3 Qf3+ 74. Kh2 Be5+ 75. Kg1 Qd1+ 76. Kf2 Qd2+ 77. Kf1 Qc1+ 78. Kf2
Qxb2+ 79. Kf1 Qc1+ 80. Kg2 Qd2+ 81. Kf1 Qf4+ 82. Kg2 g4 83. Qe8+ Kg7 84. Qd7+
Kf6 85. Qd8+ Kf5 86. Qd7+ Ke4 87. Qh7+ Ke3 0-1

[Event "7. LGA Premium Cup"]
[Site "Nürnberg"]
[Date "2010.09.03"]
[Round "3.32"]
[White "Huss, Rolf"]
[Black "Fedorovsky, Michael"]
[Result "1/2-1/2"]
[WhiteElo "2153"]
[BlackElo "2411"]
[PlyCount "42"]
[EventDate "2010.??.??"]
[WhiteTeam "SC Fulda"]
[BlackTeam "SC Tarrasch 45 München"]

1. d4 Nf6 2. c4 e6 3. Nf3 b6 4. g3 Bb7 5. Bg2 Be7 6. O-O O-O 7. Nc3 Ne4 8. Qc2
Nxc3 9. bxc3 f5 10. d5 Na6 11. Rd1 Qc8 12. Nd4 Nc5 13. Ba3 g6 14. f4 exd5 15.
cxd5 Qe8 16. Nb5 Bd6 17. Nxd6 Qe3+ 18. Kf1 cxd6 19. Bb2 Rfe8 20. c4 h5 21. Bd4
Qe7 1/2-1/2

[Event "7. LGA Premium Cup"]
[Site "Nürnberg"]
[Date "2010.09.03"]
[Round "3.33"]
[White "Unzicker, Ferdinand"]
[Black "Lodes, Hermann"]
[Result "1-0"]
[WhiteElo "2330"]
[BlackElo "2144"]
[PlyCount "79"]
[EventDate "2010.??.??"]
[WhiteTeam "FC Bayern München e.V."]

1. c4 c6 2. Nf3 d5 3. e3 Nf6 4. d4 g6 5. Nc3 Bg7 6. Be2 O-O 7. O-O dxc4 8. Bxc4
b5 9. Bd3 Bb7 10. e4 a6 11. Qe2 Nfd7 12. Be3 c5 13. dxc5 Nc6 14. Rfd1 e6 15.
Rac1 Qe7 16. a4 b4 17. Nd5 exd5 18. exd5 Nde5 19. dxc6 Nxd3 20. Rxd3 Bxc6 21.
b3 Qe4 22. Rc4 Qe7 23. Rxb4 Rfe8 24. Rd6 a5 25. Rb6 Be4 26. h3 Rac8 27. Qd1 Rc7
28. Nd2 Ba8 29. Rd3 Rxc5 30. Bxc5 Qxc5 31. Rbd6 Qg5 32. Qg4 Qe7 33. Re3 Qf8 34.
Rxe8 Qxe8 35. Qd7 Qe1+ 36. Nf1 Qe4 37. f3 Qb7 38. Qe8+ Bf8 39. Rd8 Qb6+ 40. Kh1
1-0

[Event "7. LGA Premium Cup"]
[Site "Nürnberg"]
[Date "2010.09.03"]
[Round "3.34"]
[White "Seyb, Alexander"]
[Black "Dünzel, Jonas"]
[Result "1-0"]
[WhiteElo "2294"]
[BlackElo "2117"]
[PlyCount "134"]
[EventDate "2010.??.??"]
[WhiteTeam "SC Forchheim e.V."]
[BlackTeam "Schachclub 90 Niesky"]

1. e4 c5 2. Nf3 d6 3. d4 cxd4 4. Nxd4 Nf6 5. Nc3 a6 6. Be3 e5 7. Nb3 Be7 8. f3
Be6 9. Qd2 Nbd7 10. g4 Nb6 11. O-O-O Rc8 12. Qf2 Nfd7 13. h4 O-O 14. Qe1 Qc7
15. Rh2 Rfd8 16. g5 Nc4 17. Bxc4 Qxc4 18. Nd5 Bxd5 19. Rxd5 Rf8 20. Qe2 Qxe2
21. Rxe2 f6 22. Nd2 fxg5 23. hxg5 Nc5 24. Bxc5 Rxc5 25. Rxc5 dxc5 26. Rg2 b5
27. c4 Rf4 28. Kc2 Kf7 29. cxb5 axb5 30. g6+ hxg6 31. b3 b4 32. Kd3 g5 33. Ke3
Kg6 34. Nc4 Kf6 35. Nb6 Rh4 36. Nd5+ Ke6 37. Kf2 Rh5 38. Kg3 Rh8 39. Rc2 Bd6
40. Kg4 Rf8 41. Rh2 Be7 42. Rd2 Bd8 43. Ne3 Rf4+ 44. Kg3 Be7 45. Rd5 Rf8 46.
Nc4 Ra8 47. Rd2 Rc8 48. Kg4 g6 49. Rd5 Bf6 50. Nb2 Ra8 51. Nd3 Rxa2 52. Nxc5+
Kf7 53. Rd7+ Ke8 54. Rb7 Be7 55. Nd3 Ra3 56. Nxe5 Rxb3 57. Nxg6 Bd8 58. Ne5 Rb1
59. Nc6 b3 60. Kf5 b2 61. Ne5 g4 62. Nxg4 Rf1 63. Rxb2 Rxf3+ 64. Ke5 Bc7+ 65.
Ke6 Rf7 66. Nf6+ Kf8 67. Nd5 Bh2 1-0

[Event "7. LGA Premium Cup"]
[Site "Nürnberg"]
[Date "2010.09.03"]
[Round "3.35"]
[White "Osmanovic, Faruk"]
[Black "Menacher, Manfred"]
[Result "0-1"]
[WhiteElo "2118"]
[BlackElo "2290"]
[PlyCount "84"]
[EventDate "2010.??.??"]
[WhiteTeam "SC Blau.Turm Bad Wimpfen"]
[BlackTeam "SK Kelheim 1920"]

1. e4 d5 2. exd5 Qxd5 3. Nf3 Nf6 4. Be2 Nc6 5. O-O Bg4 6. h3 Bh5 7. c4 Qd7 8.
d4 e6 9. Nc3 O-O-O 10. Qa4 a6 11. Ne5 Nxe5 12. Bxh5 Qxa4 13. Nxa4 Rxd4 14. Be2
Nxc4 15. b3 Na3 16. Be3 Rd8 17. Rac1 Nd5 18. Ba7 Nb5 19. Nb6+ Nxb6 20. Bxb6 Rd7
21. Rfd1 Rxd1+ 22. Bxd1 Ba3 23. Rc2 Kb8 24. Be3 Rd8 25. Bf3 Nd4 26. Bxd4 Rxd4
27. Kf1 c5 28. Ke2 Bb4 29. Ke3 b5 30. Be2 Kc7 31. a4 Kb6 32. axb5 axb5 33. Ra2
e5 34. Rc2 Ba3 35. g4 Ka5 36. Bd3 Kb4 37. Bxh7 Kxb3 38. Re2 c4 39. Bg8 Bc5 40.
Kf3 Rf4+ 41. Kg2 Bd4 42. f3 c3 0-1

[Event "7. LGA Premium Cup"]
[Site "Nürnberg"]
[Date "2010.09.03"]
[Round "3.36"]
[White "Bartsch, Berthold"]
[Black "Hund, Gerhard"]
[Result "0-1"]
[WhiteElo "2270"]
[BlackElo "2119"]
[PlyCount "82"]
[EventDate "2010.??.??"]
[WhiteTeam "SC Forchheim e.V."]
[BlackTeam "SK Mering"]

1. e4 e6 2. Nc3 d5 3. g3 d4 4. Nce2 c5 5. d3 Nc6 6. Bg2 e5 7. f4 Bd6 8. Nf3
Nge7 9. O-O O-O 10. f5 f6 11. g4 g6 12. a3 Kh8 13. Qe1 Rg8 14. Qh4 Qf8 15. Ng3
Bd7 16. Kh1 Qf7 17. Bh3 c4 18. dxc4 g5 19. Nxg5 fxg5 20. Bxg5 Rxg5 21. Qxg5 Ng8
22. Nh5 Bf8 23. b3 Bh6 24. Qh4 Be8 25. Bg2 Be3 26. g5 Qxh5 27. Qxh5 Bxh5 28. h4
Bf7 29. Kh2 Nge7 30. Kh3 h6 31. g6 Nxg6 32. fxg6 Be6+ 33. Kg3 Bf4+ 34. Kf2 h5
35. Bf3 Kg7 36. Rg1 Be3+ 37. Ke2 Bxg1 38. Rxg1 Rf8 39. Rg5 d3+ 40. cxd3 Nd4+
41. Kd1 Nxf3 0-1

[Event "7. LGA Premium Cup"]
[Site "Nürnberg"]
[Date "2010.09.03"]
[Round "3.37"]
[White "Krauß, Josef"]
[Black "Afek, Yochanan"]
[Result "0-1"]
[WhiteElo "2105"]
[BlackElo "2269"]
[PlyCount "82"]
[EventDate "2010.??.??"]
[WhiteTeam "SV Würzburg von 1865 e.V."]
[BlackTeam "Hamburger SK von 1830 eV"]

1. e4 c5 2. c3 e6 3. d4 d5 4. e5 Nc6 5. Nf3 Bd7 6. Be2 Nh6 7. O-O cxd4 8. cxd4
Nf5 9. Be3 f6 10. Bd3 Nxe3 11. fxe3 Qb6 12. Nc3 O-O-O 13. exf6 gxf6 14. Na4 Qa5
15. a3 Bh6 16. Re1 Nxd4 17. Nxd4 Qxa4 18. Qe2 Qa5 19. Qh5 Bf8 20. Qf7 Qb6 21.
a4 e5 22. Nb5 a6 23. Rac1+ Kb8 24. Nc7 Bh6 25. Nxd5 Qe6 26. Qxf6 Rhf8 27. Qxe6
Bxe6 28. Nc7 Bg8 29. Bxh7 Bxh7 30. Ne6 Rc8 31. Nxf8 Rxc1 32. Rxc1 Bxe3+ 33. Kh1
Bxc1 34. Nxh7 Bxb2 35. Ng5 b5 36. axb5 a5 37. Ne4 a4 38. Nc5 a3 39. g4 Ka7 40.
g5 Kb6 41. Nb3 Kxb5 0-1

[Event "7. LGA Premium Cup"]
[Site "Nürnberg"]
[Date "2010.09.03"]
[Round "3.38"]
[White "Scheremet, Michael"]
[Black "Miller, Eduard"]
[Result "1/2-1/2"]
[WhiteElo "2266"]
[BlackElo "2110"]
[PlyCount "41"]
[EventDate "2010.??.??"]
[WhiteTeam "SC Noris-Tarrasch Nürnberg 1873"]
[BlackTeam "SC Forchheim e.V."]

1. d4 d5 2. Nf3 Nf6 3. Bf4 c6 4. c3 Bf5 5. e3 e6 6. Nbd2 Be7 7. h3 h6 8. Be2
Nbd7 9. O-O O-O 10. Re1 Bh7 11. Ne5 Nxe5 12. Bxe5 Bd6 13. Bxd6 Qxd6 14. Bf3
Rfd8 15. e4 Nxe4 16. Nxe4 Bxe4 17. Bxe4 dxe4 18. Rxe4 Rd7 19. Qh5 Rad8 20. a3
Qd5 21. Qe2 1/2-1/2

[Event "7. LGA Premium Cup"]
[Site "Nürnberg"]
[Date "2010.09.03"]
[Round "3.39"]
[White "Hirschinger, Thomas"]
[Black "Löw, Gerald"]
[Result "0-1"]
[WhiteElo "2098"]
[BlackElo "2263"]
[PlyCount "134"]
[EventDate "2010.??.??"]
[WhiteTeam "SK Landau"]
[BlackTeam "TSV Bindlach Aktionär-Schachabte"]

1. e4 c5 2. Nc3 g6 3. f4 Bg7 4. Nf3 Nc6 5. Bc4 e6 6. O-O Nge7 7. d3 d5 8. Bb3
O-O 9. Qe1 Na5 10. Bd2 Nec6 11. Ba4 a6 12. Bxc6 Nxc6 13. Nd1 b6 14. Bc3 d4 15.
Bd2 f5 16. Nf2 Ra7 17. c4 dxc3 18. Bxc3 Nd4 19. Nxd4 Bxd4 20. Bxd4 Qxd4 21. Qc3
Rd7 22. exf5 gxf5 23. Qxd4 Rxd4 24. g3 a5 25. Rfe1 Kf7 26. Re3 Rfd8 27. Rc1 Ba6
28. Rc3 R8d5 29. b3 b5 30. Rc1 b4 31. Rce1 Rd6 32. Re5 R4d5 33. Rxd5 Rxd5 34.
Re3 Bb5 35. Kf1 a4 36. Ke2 axb3 37. axb3 Bc6 38. Kd1 Rd6 39. g4 Bd5 40. Kc2 Ra6
41. Kb2 Ra3 42. gxf5 Rxb3+ 43. Kc2 Rc3+ 44. Kd2 exf5 45. Nd1 Ra3 46. Re5 Ra2+
47. Kc1 Be6 48. Rxc5 Rxh2 49. Ne3 Kf6 50. Nd5+ Bxd5 51. Rxd5 Rg2 52. Rd4 b3 53.
Rb4 b2+ 54. Kb1 h5 55. Rb6+ Ke7 56. Rh6 Rh2 57. Ka2 Kf7 58. d4 Kg7 59. Re6 h4
60. d5 Rd2 61. d6 h3 62. Re3 h2 63. Rh3 b1=Q+ 64. Kxb1 Rd1+ 65. Kc2 h1=Q 66.
Rxh1 Rxh1 67. d7 Rh8 0-1

[Event "7. LGA Premium Cup"]
[Site "Nürnberg"]
[Date "2010.09.03"]
[Round "3.40"]
[White "Walter, Florian"]
[Black "Sobolevsky, Leonid"]
[Result "0-1"]
[WhiteElo "2019"]
[BlackElo "2252"]
[PlyCount "64"]
[EventDate "2010.??.??"]
[WhiteTeam "SV Lauf a.d.P."]
[BlackTeam "Schachzirkel Elstertal Langenber"]

1. Nf3 d6 2. c4 e5 3. Nc3 g5 4. d3 g4 5. Nd2 h5 6. e3 f5 7. h3 Bh6 8. b3 Nf6 9.
Bb2 Nc6 10. g3 Be6 11. Bg2 d5 12. cxd5 Nxd5 13. Nxd5 Bxd5 14. e4 Be6 15. exf5
Bxf5 16. Bxc6+ bxc6 17. Ne4 O-O 18. Qe2 gxh3 19. Bxe5 Qd5 20. f4 Rae8 21. O-O
h4 22. Qh5 Rxe5 23. fxe5 Be3+ 24. Kh2 hxg3+ 25. Kxg3 Qxe5+ 26. Kh4 h2 27. Rf3
Bf4 28. Raf1 Rf7 29. Ng5 Rg7 30. d4 Bxg5+ 31. Qxg5 Qe4+ 32. Qf4 Rg4+ 0-1

[Event "7. LGA Premium Cup"]
[Site "Nürnberg"]
[Date "2010.09.03"]
[Round "3.41"]
[White "Sieber, Heiko"]
[Black "Nuber, Blasius"]
[Result "0-1"]
[WhiteElo "2066"]
[BlackElo "2243"]
[PlyCount "64"]
[EventDate "2010.??.??"]
[WhiteTeam "PTSV SK Hof 1892"]
[BlackTeam "SC Dillingen"]

1. d4 d5 2. Nf3 Nf6 3. c4 c6 4. Nc3 a6 5. cxd5 cxd5 6. Ne5 Nbd7 7. Qa4 e6 8.
Bg5 Be7 9. e3 O-O 10. Nxd7 Bxd7 11. Qb3 b5 12. Bd3 Qa5 13. O-O b4 14. e4 h6 15.
Bxf6 Bxf6 16. e5 Be7 17. Bb1 bxc3 18. Qc2 g6 19. bxc3 Rac8 20. Qd2 Kg7 21. Rc1
Ba3 22. Qf4 Bxc1 23. Qf6+ Kg8 24. Bxg6 Bg5 25. Bxf7+ Rxf7 26. Qg6+ Rg7 27. Qh5
Qxc3 28. Rd1 Ba4 29. Rf1 Qd3 30. g3 Qxd4 31. a3 Bb5 32. Rd1 Qxd1+ 0-1

[Event "7. LGA Premium Cup"]
[Site "Nürnberg"]
[Date "2010.09.03"]
[Round "3.42"]
[White "Liepold, Stefan"]
[Black "Lange, Carsten"]
[Result "1/2-1/2"]
[WhiteElo "2240"]
[BlackElo "2062"]
[PlyCount "84"]
[EventDate "2010.??.??"]
[WhiteTeam "SC Erlangen 48/88"]
[BlackTeam "SK Zirndorf e.V."]

1. e4 c5 2. Nf3 e6 3. d4 cxd4 4. Nxd4 Nc6 5. Nc3 Qc7 6. g3 a6 7. Bg2 Nf6 8. O-O
Be7 9. Be3 d6 10. h3 O-O 11. Nce2 Bd7 12. c4 Rfd8 13. Rc1 Rac8 14. b3 Be8 15.
Nc3 Qb8 16. Qe2 Nd7 17. Rfd1 Bf6 18. Nf3 b6 19. g4 Nc5 20. Bf4 g6 21. Qe3 Bg7
22. Ne2 Nb4 23. a3 Nc6 24. Bh6 Bh8 25. Nfd4 Nxd4 26. Nxd4 Be5 27. f4 Bh8 28. f5
Be5 29. b4 Na4 30. fxe6 Nb2 31. Rf1 Nxc4 32. Rxf7 Bxf7 33. exf7+ Kxf7 34. Qf2+
Kg8 35. Ne6 Re8 36. Ng5 Qb7 37. Rf1 Qe7 38. Nf7 b5 39. Bg5 Qe6 40. Nh6+ Kh8 41.
Nf7+ Kg8 42. Nh6+ Kh8 1/2-1/2

[Event "7. LGA Premium Cup"]
[Site "Nürnberg"]
[Date "2010.09.03"]
[Round "3.43"]
[White "Kordts, Wolfgang"]
[Black "Schulz, Anja"]
[Result "1-0"]
[WhiteElo "2237"]
[BlackElo "2052"]
[PlyCount "159"]
[EventDate "2010.??.??"]
[WhiteTeam "SC Postbauer-Heng e.V"]
[BlackTeam "Muldental Wilkau-Haßlau"]

1. d4 Nf6 2. c4 g6 3. Nc3 Bg7 4. e4 d6 5. f3 O-O 6. Bg5 c5 7. d5 e6 8. Qd2 Qa5
9. Nb5 Qxd2+ 10. Kxd2 a6 11. Nxd6 h6 12. Be3 Nbd7 13. Nh3 Rd8 14. Kc2 exd5 15.
cxd5 b5 16. a4 bxa4 17. Nc4 Bb7 18. Rxa4 Bxd5 19. exd5 Nxd5 20. Bd2 Nf8 21. Bd3
Ne6 22. Be4 Rab8 23. Bxd5 Rxd5 24. Bc3 Nd4+ 25. Bxd4 cxd4 26. Nf4 Rg5 27. g4
Rc5 28. Nd3 Rc6 29. Re1 g5 30. f4 Bf6 31. f5 Kg7 32. b3 h5 33. h3 hxg4 34. hxg4
Rh8 35. Re2 Rh3 36. Rg2 Bd8 37. Nb4 Rch6 38. Nxa6 Rc3+ 39. Kb2 Rhh3 40. Nd2 Bf6
41. Rc4 Rce3 42. b4 d3+ 43. Ka2 Rh1 44. Re4 Reh3 45. Nb3 R3h2 46. Rxh2 Rxh2+
47. Ka3 d2 48. Nxd2 Rxd2 49. Nc7 Bd4 50. b5 Bb6 51. Ne8+ Kf8 52. Nf6 Kg7 53.
Nh5+ Kh7 54. Rc4 Rg2 55. Rc6 Bd4 56. Rc4 Bb6 57. Nf6+ Kg7 58. Nd7 Bf2 59. b6
Rg3+ 60. Ka4 Bxb6 61. Nxb6 Kf6 62. Kb4 Ke5 63. Kc5 Rd3 64. Nc8 Rd7 65. Kc6 Rd1
66. Ne7 Rf1 67. Kc5 Rd1 68. Nc6+ Kf6 69. Re4 Rc1+ 70. Kd5 Rd1+ 71. Rd4 Re1 72.
Nb8 Kg7 73. Nd7 Re2 74. Ne5 Kf6 75. Nf3 Re3 76. Nd2 Re2 77. Ne4+ Kg7 78. Nxg5
f6 79. Ne4 Re1 80. Ra4 1-0

[Event "7. LGA Premium Cup"]
[Site "Nürnberg"]
[Date "2010.09.03"]
[Round "3.44"]
[White "Zikeli, Saskia"]
[Black "Promyshlyanskiy, Vitaliy"]
[Result "0-1"]
[WhiteElo "2050"]
[BlackElo "2237"]
[PlyCount "100"]
[EventDate "2010.??.??"]
[WhiteTeam "SC Ingersheim e.V."]
[BlackTeam "SC Noris-Tarrasch Nürnberg 1873"]

1. c4 Nf6 2. Nc3 g6 3. g3 Bg7 4. Bg2 d6 5. d3 e5 6. e3 O-O 7. Nge2 c6 8. O-O
Be6 9. Rb1 d5 10. cxd5 Nxd5 11. d4 Nxc3 12. bxc3 Qe7 13. Qa4 Qc7 14. c4 Rd8 15.
Rd1 Nd7 16. d5 Nc5 17. Qc2 Bf5 18. e4 Bg4 19. Bg5 f6 20. Be3 Bf8 21. h3 Bd7 22.
Qb2 Rab8 23. f4 Na4 24. Qd2 c5 25. Rf1 Qd6 26. g4 Be7 27. Nc3 Nxc3 28. Qxc3 a6
29. g5 Rf8 30. Rf2 b5 31. cxb5 Rfc8 32. b6 Bb5 33. Qa5 fxg5 34. fxe5 Qxe5 35.
a4 Bd3 36. Rd1 c4 37. Qxa6 Bd6 38. Rxd3 cxd3 39. Qxd3 Rc3 40. Qd4 Qh2+ 41. Kf1
Be5 42. Qd2 Ra3 43. d6 Qg3 44. d7 Rd8 45. Qd5+ Kg7 46. Rf7+ Kh6 47. Bd4 Qd3+
48. Kg1 Bxd4+ 49. Kh1 Ra1+ 50. Kh2 Bg1+ 0-1

[Event "7. LGA Premium Cup"]
[Site "Nürnberg"]
[Date "2010.09.03"]
[Round "3.45"]
[White "Heimrath, Reiner"]
[Black "Wörl, Richard"]
[Result "1-0"]
[WhiteElo "2231"]
[BlackElo "2042"]
[PlyCount "71"]
[EventDate "2010.??.??"]
[WhiteTeam "SC Noris-Tarrasch Nürnberg 1873"]
[BlackTeam "SW Nürnberg Süd e.V."]

1. d4 d5 2. Nf3 Bf5 3. e3 Nd7 4. Bd3 Bg6 5. h4 Ngf6 6. Ne5 Bxd3 7. Qxd3 e6 8.
Nd2 Bd6 9. f4 Bxe5 10. fxe5 Ng4 11. h5 f6 12. Qe2 Nh6 13. e4 fxe5 14. exd5 exd5
15. Nf3 Qe7 16. Bxh6 gxh6 17. dxe5 O-O-O 18. O-O-O c6 19. Qe3 Rhg8 20. Rhg1 Nb6
21. c3 Rg3 22. Qxh6 Nc4 23. Qf4 Rdg8 24. Qf5+ Kc7 25. e6 Rf8 26. Qd3 Ne5 27.
Qe3 Nc4 28. Qxa7 Qxe6 29. Rge1 Qf7 30. b3 Nb6 31. Nd4 Re8 32. Kb1 Rxg2 33. Qa3
Re4 34. Rxe4 dxe4 35. Nb5+ cxb5 36. Qd6+ 1-0

[Event "7. LGA Premium Cup"]
[Site "Nürnberg"]
[Date "2010.09.03"]
[Round "3.46"]
[White "Frey, Alisa"]
[Black "Schuster, Karsten"]
[Result "0-1"]
[WhiteElo "2045"]
[BlackElo "2226"]
[PlyCount "88"]
[EventDate "2010.??.??"]
[WhiteTeam "SC Eppingen"]
[BlackTeam "SC Gröbenzell"]

1. e4 c6 2. d4 d5 3. Nc3 dxe4 4. Nxe4 Nd7 5. Bc4 Ngf6 6. Ng5 e6 7. Qe2 Nb6 8.
Bd3 h6 9. N5f3 c5 10. c3 cxd4 11. Nxd4 a6 12. Ngf3 Qc7 13. O-O Nbd5 14. Ne5 Bd6
15. f4 g5 16. fxg5 hxg5 17. Re1 Nf4 18. Bxf4 gxf4 19. Nc4 Bc5 20. Qe5 Qxe5 21.
Nxe5 b6 22. b4 Bd6 23. b5 Bb7 24. h3 Rg8 25. Bf1 Nd5 26. bxa6 Bxa6 27. Bb5+
Bxb5 28. Nxb5 Bc5+ 29. Kh1 Ra5 30. a4 Kf8 31. Nd7+ Ke7 32. Nxc5 bxc5 33. Re4 f5
34. Re2 f3 35. gxf3 Rg3 36. Rf2 Rxh3+ 37. Kg2 Nf4+ 38. Kg1 Ra8 39. Rh2 Rg8+ 40.
Kh1 Rxf3 41. a5 Nh3 42. a6 Nf2+ 43. Rxf2 Rxf2 44. a7 Rf4 0-1